000 00416nam a22001577a 4500
003 NUST - PNEC
005 20170116180915.0
008 150903b xxu||||| |||| 00| 0 eng d
040 _cLIBRARY
082 _a620.11 SMI
100 _95657
_aSmith, William F
245 _aFoundations of materials science and engineering
_cWilliam F. Smith
250 _a2nd ed.
650 _95561
_aMaterials
_xME
942 _2ddc
_cBK
999 _c65441
_d65441